Регионална библиотека "Любен Каравелов" - Русе

Сборник революционни и трудови маршови песни (Запис номер 352140)

MARC детайли
000 -Лидер
Контролно поле с фиксирана дължина ncm a22 a 4500
003 - Код на организацията, давaща контролен номер
Контролно поле BLK
005 - Дата и час на последна редакция
Контролно поле 20200407124010.0
008 - Елементи от данни с фиксирана дължина
fixed length control field 200327b bu |||||r|||| 00| 0 bu d
040 ## - Източник на каталожния запис
Идентификатор на билиотеката - собственик на записа BLK
041 ## - Код за език
Код за езика на текст/звукозапис или на отделно заглавие Български
Код за езика КДБФ Български
080 ## - УДК
Текстов определител УДК Маршови песни. Национални химни
УДК код - определител по УДК 784.71
УДК - код + определител 784.71
139 ## - Редно поле
Редна дума Сборник революционни и трудови маршови песни
Авторски знак Сбо - С 23
245 ## - Сведения за заглавието
Заглавие Сборник революционни и трудови маршови песни
Редно поле (дума) съст. Цанко Колев
260 ## - Област на издателските данни
9 (RLIN) 209548
Място на издаване, разпространение и проч. София
Име на издателя, разпространителя и проч. Наука и изкуство
Година на издаване 1961
300 ## - Физическа характеристика
Страници 80 с. с ноти
Размери/Мащаб 26 см
380 ## - Жанр
Жанр Изкуство
505 ## - Форматирана забележка
Заглавие Съдържа 75 песни
650 #7 - Допълнително описание по предмет – тема
9 (RLIN) 166108
Основно описание – тема или топоним Песни
650 #7 - Допълнително описание по предмет – тема
9 (RLIN) 176633
Основно описание – тема или топоним Химни, национални
650 #0 - Допълнително описание по предмет – тема
9 (RLIN) 402915
Основно описание – тема или топоним Маршове
653 #7 - Ключова дума – ненормативна
9 (RLIN) 193581
Ключова дума песни
700 ## - Други автори (авторска отговорност)
9 (RLIN) 1478
Лично име Колев, Цанко
Автороска отговорност (Описва отношението между автора и произведението) състав.
852 ## - Местоположение
Форматна сигнатура Цб М 445
Фондова буква Хранилище
999 ## - СИСТЕМНИ КОНТРОЛНИ НОМЕРА
Koha biblionumber 352140
Koha biblioitemnumber 352140
942 ## - АРТИКУЛИ
Вид на библиотечния материал Нотни издания
Скрит в OPAC Не
Периодичен библиозапис Да
944 ## - СЪЗДАВАНЕ И РЕДАКЦИЯ на ЗАПИСА
Създаване/Редакция Създаване
Дата на регистрацията/редакция 2020-04-07
Служител, извършил регистрацията/редакцията К.Д.
Статус, дата на статуса 2020-04-07
999 ## - СИСТЕМНИ КОНТРОЛНИ НОМЕРА
Koha biblioitemnumber 352140
999 ## - СИСТЕМНИ КОНТРОЛНИ НОМЕРА
Koha biblioitemnumber 352132
999 ## - СИСТЕМНИ КОНТРОЛНИ НОМЕРА
Koha biblioitemnumber 352132
999 ## - СИСТЕМНИ КОНТРОЛНИ НОМЕРА
Koha biblioitemnumber 349668
999 ## - СИСТЕМНИ КОНТРОЛНИ НОМЕРА
Koha biblioitemnumber 349668
999 ## - СИСТЕМНИ КОНТРОЛНИ НОМЕРА
Koha biblioitemnumber 349668
999 ## - СИСТЕМНИ КОНТРОЛНИ НОМЕРА
Koha biblioitemnumber 349668
999 ## - СИСТЕМНИ КОНТРОЛНИ НОМЕРА
Koha biblioitemnumber 349668
999 ## - СИСТЕМНИ КОНТРОЛНИ НОМЕРА
Koha biblioitemnumber 349668
Наличности
Код за отписване Код за изгубен артикул Източник на класификационната схема Код за повреда Коз за рестрикции Код за отдаване Артикулен № Име на библиотеката - собственик Име на библиотеката, в която се намира в момента Статус (Текущо местоположение) Дата на вписване в системата Местоположение - отдел Цена в лева Инвентарен номер Систематично азбучна сигнатура Баркод Цена в евро Служебен тип на артикула
  Не е изгубен Universal Decimal Classification Не е повреден само за читалня ползва се в читалня 760930 Регионална библиотека "Любен Каравелов" Русе Регионална библиотека "Любен Каравелов" Русе Хранилище 2020-04-13 Хранилище 0.40 3456/62 Цб М 445 900000001846 0.20 Нотни издания
Vip Innovations Ltd, Rousse, Bulgaria 2025